[Event "Collado Villalba 2015"]
[Site "Collado Villalba (ESP)"]
[Date "2015.08.29"]
[Round "8.10"]
[White "Aziz Ortego, Omar Luis"]
[Black "Cortes Jurado, Rafael"]
[Result "1/2-1/2"]
[WhiteElo "2123"]
[BlackElo "2073"]
[PlyCount "174"]
[EventDate "2015.08.22"]
[EventType "swiss"]
[EventRounds "9"]
[EventCountry "ESP"]
[Source "lmi"]
[SourceDate "2015.08.22"]

1. e4 e5 2. Nc3 Nf6 3. Bc4 Nxe4 4. Qh5 Nd6 5. Bb3 Be7 6. Nf3 O-O 7. Nxe5 Nc6 8.
O-O Nxe5 9. Qxe5 Bf6 10. Qf4 Bg5 11. Qg4 Ne8 12. d4 Bxc1 13. Raxc1 d5 14. Qf4
c6 15. Rfe1 Qd6 16. Re5 Nf6 17. Rce1 Be6 18. Qh4 Rae8 19. h3 Nd7 20. Rh5 Bf5
21. f3 Bg6 22. Rg5 h6 23. Rg4 Nf6 24. Rxe8 Rxe8 25. Rxg6 fxg6 26. Ne4 Qe7 27.
Nxf6+ Qxf6 28. Qxf6 gxf6 29. Kf2 Kf7 30. c3 f5 31. f4 g5 32. Bd1 Kf6 33. g3
gxf4 34. gxf4 Re4 35. Bf3 Rxf4 36. Kg3 Kg5 37. Bg2 h5 38. Bf3 h4+ 39. Kf2 Kf6
40. Ke3 Re4+ 41. Bxe4 dxe4 42. Kf4 Ke6 43. c4 a5 44. a4 b6 45. Ke3 Kd6 46. Kf4
Kc7 47. Ke3 b5 48. b3 b4 49. Kf4 Kd6 50. Ke3 c5 51. d5 Ke5 52. Ke2 f4 53. Kd2
Kf5 54. Ke2 f3+ 55. Ke3 Ke5 56. Kf2 Kf4 57. d6 e3+ 58. Kf1 Kg3 59. d7 e2+ 60.
Ke1 Kg2 61. d8=Q f2+ 62. Kxe2 f1=Q+ 63. Ke3 Qf3+ 64. Kd2 Qc3+ 65. Ke2 Qc2+ 66.
Ke1 Qc3+ 67. Ke2 Qf3+ 68. Kd2 Qf2+ 69. Kd3 Kxh3 70. Qd5 Qg3+ 71. Kd2 Qf2+ 72.
Kd3 Kh2 73. Ke4 Qg2+ 74. Kf4 Qg3+ 75. Kf5 Qh3+ 76. Kg5 Qg2+ 77. Kxh4 Qxd5 78.
cxd5 c4 79. d6 cxb3 80. d7 b2 81. d8=Q b1=Q 82. Qd2+ Kg1 83. Qe3+ Kf1 84. Qf3+
Kg1 85. Qg3+ Kf1 86. Qf3+ Kg1 87. Qg3+ Kf1 1/2-1/2

[Event "Collado Villalba 2015"]
[Site "Collado Villalba (ESP)"]
[Date "2015.08.29"]
[Round "8.11"]
[White "Eizaguerri Floris, Maria"]
[Black "Perdomo Araujo, Angel Eduardo"]
[Result "0-1"]
[WhiteElo "1822"]
[BlackElo "1998"]
[PlyCount "64"]
[EventDate "2015.08.22"]
[EventType "swiss"]
[EventRounds "9"]
[EventCountry "ESP"]
[Source "lmi"]
[SourceDate "2015.08.22"]

1. e4 e6 2. d4 d5 3. e5 c5 4. Nf3 b6 5. c3 Qd7 6. Bd3 Ba6 7. O-O Bxd3 8. Qxd3
Nc6 9. Bf4 Nge7 10. h4 h5 11. Nbd2 Nf5 12. Bg3 Be7 13. Rfe1 Rc8 14. Rac1 O-O
15. Nf1 cxd4 16. cxd4 Nb4 17. Qb3 Rxc1 18. Rxc1 Rc8 19. Rxc8+ Qxc8 20. a3 Nc2
21. Qa4 a6 22. N1d2 b5 23. Qb3 Ncxd4 24. Nxd4 Nxd4 25. Qd3 Qc1+ 26. Kh2 Nf5 27.
Nf3 Qxb2 28. a4 Qa3 29. Qc2 Qc5 30. Qd3 Qc4 31. Qb1 b4 32. Nd2 Qc3 0-1

[Event "Collado Villalba 2015"]
[Site "Collado Villalba (ESP)"]
[Date "2015.08.29"]
[Round "8.12"]
[White "Torres Grajales, Ramon"]
[Black "Jordana Vargas, Julio"]
[Result "0-1"]
[WhiteElo "1943"]
[BlackElo "1998"]
[PlyCount "52"]
[EventDate "2015.08.22"]
[EventType "swiss"]
[EventRounds "9"]
[EventCountry "ESP"]
[Source "lmi"]
[SourceDate "2015.08.22"]

1. e4 c5 2. Nf3 Nc6 3. d4 cxd4 4. Nxd4 g6 5. Nc3 Bg7 6. Be3 Nf6 7. Nxc6 bxc6 8.
e5 Ng8 9. f4 Nh6 10. Qf3 O-O 11. h3 d5 12. exd6 exd6 13. Rd1 Re8 14. Bd3 Bd4
15. Be4 Bxe3 16. Bxc6 Ba6 17. Bxe8 Qxe8 18. Ne4 Bb6 19. Kd2 Qe6 20. Rhe1 Ba5+
21. Nc3 Qc8 22. Kc1 Rb8 23. Rxd6 Nf5 24. Rd2 Nh4 25. Qg3 Qb7 26. b3 Nf5 0-1

[Event "Collado Villalba 2015"]
[Site "Collado Villalba (ESP)"]
[Date "2015.08.29"]
[Round "8.13"]
[White "Torres Samper, Rafael"]
[Black "Martin Martin, Luis Vicente"]
[Result "1-0"]
[WhiteElo "1971"]
[BlackElo "1933"]
[PlyCount "39"]
[EventDate "2015.08.22"]
[EventType "swiss"]
[EventRounds "9"]
[EventCountry "ESP"]
[Source "lmi"]
[SourceDate "2015.08.22"]

1. e4 e6 2. d4 d5 3. Nc3 dxe4 4. Nxe4 Nd7 5. Nf3 Ngf6 6. Bg5 Be7 7. Nxf6+ Nxf6
8. Bd3 h6 9. Bh4 c5 10. O-O O-O 11. c3 b6 12. Qe2 Bb7 13. Rfe1 Rc8 14. Rad1
cxd4 15. Nxd4 Qd5 16. f3 Qxa2 17. Bb1 Qc4 18. Qc2 g6 19. Rxe6 Bc5 20. Rxf6 1-0

[Event "Collado Villalba 2015"]
[Site "Collado Villalba (ESP)"]
[Date "2015.08.29"]
[Round "8.14"]
[White "Rodriguez De Robles, Ignacio"]
[Black "Antonano Fedz-Quincoces, Aveli"]
[Result "1-0"]
[WhiteElo "1932"]
[BlackElo "1970"]
[PlyCount "47"]
[EventDate "2015.08.22"]
[EventType "swiss"]
[EventRounds "9"]
[EventCountry "ESP"]
[Source "lmi"]
[SourceDate "2015.08.22"]

1. e4 c5 2. Nf3 g6 3. g3 Nc6 4. Bg2 Bg7 5. c3 e5 6. d3 Nge7 7. Be3 d6 8. Qd2
O-O 9. h4 h5 10. Na3 a6 11. Nc2 b5 12. Nh2 Be6 13. f3 Qd7 14. g4 hxg4 15. fxg4
Bxg4 16. Nxg4 Qxg4 17. Qf2 f6 18. Bf3 Qe6 19. h5 g5 20. h6 Bxh6 21. Bg4 Qf7 22.
O-O-O Ng6 23. Qh2 Nh4 24. Bf2 1-0

[Event "Collado Villalba 2015"]
[Site "Collado Villalba (ESP)"]
[Date "2015.08.29"]
[Round "8.15"]
[White "Garcia Saez, Juan Carlos"]
[Black "Perez Cameselle, Francisco"]
[Result "0-1"]
[WhiteElo "2010"]
[BlackElo "1840"]
[PlyCount "148"]
[EventDate "2015.08.22"]
[EventType "swiss"]
[EventRounds "9"]
[EventCountry "ESP"]
[Source "lmi"]
[SourceDate "2015.08.22"]

1. c3 Nf6 2. d3 g6 3. g3 Bg7 4. Bg2 d6 5. e4 e5 6. Ne2 O-O 7. O-O Nc6 8. f3 d5
9. Qc2 Be6 10. Be3 a5 11. Bc5 Re8 12. a4 Qd7 13. Nd2 Rad8 14. Rad1 Bh3 15. d4
Bxg2 16. Kxg2 dxe4 17. Nxe4 exd4 18. Nxd4 Nxe4 19. fxe4 Nxd4 20. Bxd4 Qe6 21.
Bxg7 Kxg7 22. Rxd8 Rxd8 23. h3 Re8 24. Re1 f5 25. Kf3 Qf6 26. Kg2 Qc6 27. Kf3
h5 28. h4 Kf6 29. Re2 fxe4+ 30. Kg2 e3+ 31. Kh2 Qe4 32. Qd1 Kg7 33. b3 Kh6 34.
Qf1 Kg7 35. Qf4 Qxf4 36. gxf4 Kf6 37. Kg3 Kf5 38. Kf3 Re4 39. Rxe3 Rxf4+ 40.
Kg3 Rg4+ 41. Kh3 Re4 42. Rf3+ Ke5 43. Kg3 b6 44. Rd3 c5 45. Kh3 c4 46. bxc4
Rxc4 47. Rg3 Kf6 48. Rd3 Ke6 49. Rg3 Kf7 50. Rf3+ Kg7 51. Rd3 Rxa4 52. Rd7+ Kh6
53. Rd6 Rc4 54. Rxb6 Rxc3+ 55. Kg2 a4 56. Ra6 a3 57. Kh2 Kg7 58. Kg2 Rc2+ 59.
Kg3 a2 60. Kf3 Kf7 61. Kg3 Ke7 62. Kf4 Kd7 63. Kg5 Rg2+ 64. Kf6 Kc7 65. Kg7 Kb7
66. Ra3 Kb6 67. Kh6 Kb5 68. Rxa2 Rxa2 69. Kxg6 Kc6 70. Kxh5 Kd6 71. Kg6 Ke6 72.
h5 Rg2+ 73. Kh7 Kf6 74. h6 Rh2 0-1

[Event "Collado Villalba 2015"]
[Site "Collado Villalba (ESP)"]
[Date "2015.08.29"]
[Round "8.16"]
[White "Gutierrez Mordini, Pablo"]
[Black "Rodriguez Melendez, Juan Humbe"]
[Result "0-1"]
[WhiteElo "1902"]
[BlackElo "2130"]
[PlyCount "100"]
[EventDate "2015.08.22"]
[EventType "swiss"]
[EventRounds "9"]
[EventCountry "ESP"]
[Source "lmi"]
[SourceDate "2015.08.22"]

1. d4 Nf6 2. Nf3 g6 3. c4 Bg7 4. Nc3 O-O 5. e4 d6 6. Be2 e5 7. O-O Nc6 8. d5
Ne7 9. Nd2 Nd7 10. Rb1 f5 11. b4 Nf6 12. f3 Rf7 13. c5 f4 14. Ba3 g5 15. Nc4
Ng6 16. b5 Bf8 17. Na4 b6 18. cxd6 cxd6 19. Qd3 h5 20. Bb4 Ne8 21. Qa3 Rb8 22.
Nab2 g4 23. Rfc1 Rg7 24. Nd3 Qf6 25. Ne1 Nh4 26. Bf1 Qe7 27. Nd2 Qg5 28. Rc6 g3
29. Nc4 Bh3 30. Qb2 Rg6 31. Rc1 Rb7 32. Qe2 Rbg7 33. Rc2 Bd7 34. h3 Qf6 35. Qd1
Rg5 36. Qb1 R7g6 37. a4 Rg7 38. a5 Bxc6 39. dxc6 Qd8 40. axb6 axb6 41. Qa2 d5
42. Bxf8 Kxf8 43. Rd2 Qb8 44. Qa3+ Kg8 45. Rxd5 Nc7 46. Rxe5 Nxb5 47. Qb2 Rxe5
48. Nxe5 Nd6 49. Nd7 Qc7 50. Qxb6 Rxd7 0-1

[Event "Collado Villalba 2015"]
[Site "Collado Villalba (ESP)"]
[Date "2015.08.29"]
[Round "8.17"]
[White "Erice Alonso, Santiago"]
[Black "Cabrera Jimenez, Julio"]
[Result "1-0"]
[WhiteElo "2013"]
[BlackElo "1801"]
[PlyCount "55"]
[EventDate "2015.08.22"]
[EventType "swiss"]
[EventRounds "9"]
[EventCountry "ESP"]
[Source "lmi"]
[SourceDate "2015.08.22"]

1. e4 c5 2. Nf3 d6 3. Bb5+ Bd7 4. Bxd7+ Qxd7 5. O-O Nf6 6. e5 dxe5 7. Nxe5 Qc7
8. d4 cxd4 9. Bf4 Qb6 10. Nd2 e6 11. Ndc4 Qc5 12. c3 dxc3 13. b4 Qc8 14. Qa4+
Nc6 15. Nxc6 bxc6 16. Rfe1 Nd5 17. Nd6+ Bxd6 18. Bxd6 Qb7 19. Rad1 Kd8 20. Be5
Ke7 21. Bxg7 Rhg8 22. Be5 Rg6 23. Bg3 Rag8 24. b5 c5 25. Qc4 Kd7 26. Qxc5 Qb6
27. Rxd5+ exd5 28. Re7+ 1-0

[Event "Collado Villalba 2015"]
[Site "Collado Villalba (ESP)"]
[Date "2015.08.29"]
[Round "8.18"]
[White "Picazo Gonzalez, Ana"]
[Black "Aguilera Lopez, Alejandro"]
[Result "0-1"]
[WhiteElo "1851"]
[BlackElo "1999"]
[PlyCount "108"]
[EventDate "2015.08.22"]
[EventType "swiss"]
[EventRounds "9"]
[EventCountry "ESP"]
[Source "lmi"]
[SourceDate "2015.08.22"]

1. d4 d5 2. Nf3 Nf6 3. e3 Bf5 4. c4 e6 5. Qb3 Nc6 6. Bd2 Qc8 7. Qa4 Nd7 8. cxd5
exd5 9. Bb5 Ne7 10. Nc3 c6 11. Be2 Ng6 12. Rc1 Nb6 13. Qb3 Qb8 14. a4 Bd6 15.
a5 Nd7 16. Na4 O-O 17. Bb4 Bxb4+ 18. Qxb4 Be4 19. O-O Re8 20. Rc3 Nf6 21. h3
Bxf3 22. Bxf3 Nh4 23. Be2 Ne4 24. Rb3 Qd8 25. g3 Qg5 26. Kh2 Nf5 27. Qe1 Qe7
28. Nc3 Nf6 29. Qd2 h5 30. Bd3 Nd6 31. Ne2 h4 32. g4 Nde4 33. Bxe4 Nxe4 34. Qb4
Qf6 35. Nf4 g5 36. Nd3 Qf3 37. Qe1 Nd6 38. Qd1 Qf6 39. Nc5 Qe7 40. Qf3 Qc7 41.
Kg2 b6 42. axb6 axb6 43. Nd3 Re6 44. Ne5 Nc4 45. Nxc4 dxc4 46. Rc3 b5 47. Qf5
Qe7 48. d5 Re5 49. Qf3 Rxd5 50. Rd1 Qe5 51. Rdc1 Ra2 52. b3 Rdd2 53. bxc4 Rxf2+
54. Qxf2 Qg3+ 0-1

[Event "Collado Villalba 2015"]
[Site "Collado Villalba (ESP)"]
[Date "2015.08.29"]
[Round "8.19"]
[White "Camarero Izquierdo, Juan Carlo"]
[Black "Tipter, Napoleon"]
[Result "0-1"]
[WhiteElo "1931"]
[BlackElo "2019"]
[PlyCount "66"]
[EventDate "2015.08.22"]
[EventType "swiss"]
[EventRounds "9"]
[EventCountry "ESP"]
[Source "lmi"]
[SourceDate "2015.08.22"]

1. d4 Nf6 2. Nc3 e6 3. Bg5 c5 4. d5 d6 5. e4 a6 6. Qd2 Be7 7. Bxf6 Bxf6 8.
O-O-O e5 9. Kb1 Bg5 10. Qe1 b5 11. g3 Nd7 12. h4 Bf6 13. f4 Nb6 14. Nf3 Bg4 15.
Rd3 b4 16. Nd1 c4 17. Re3 a5 18. f5 Qc7 19. Nh2 Bxd1 20. Qxd1 a4 21. Nf3 Qc5
22. Qe2 Rc8 23. g4 h5 24. g5 Bd8 25. Bh3 Nd7 26. g6 f6 27. Nh2 Bb6 28. Rf3 Qa5
29. Nf1 c3 30. Ng3 Bd4 31. Bf1 b3 32. cxb3 c2+ 33. Qxc2 Qe1+ 0-1

[Event "Collado Villalba 2015"]
[Site "Collado Villalba (ESP)"]
[Date "2015.08.29"]
[Round "8.20"]
[White "Lopez Heras, Arturo"]
[Black "Perez Vazquez, Manuel"]
[Result "0-1"]
[WhiteElo "1861"]
[BlackElo "1837"]
[PlyCount "72"]
[EventDate "2015.08.22"]
[EventType "swiss"]
[EventRounds "9"]
[EventCountry "ESP"]
[Source "lmi"]
[SourceDate "2015.08.22"]

1. e4 d6 2. d4 Nf6 3. Nc3 g6 4. Be2 Bg7 5. Be3 c6 6. g4 Qa5 7. f3 h5 8. g5 Nfd7
9. Qd2 b5 10. f4 b4 11. Nd1 e6 12. Nf3 Ba6 13. Bxa6 Nxa6 14. O-O c5 15. c3 b3
16. a3 Nb6 17. Qe2 c4 18. Nd2 Rc8 19. Bf2 Kd7 20. Ne3 d5 21. f5 gxf5 22. exf5
Rce8 23. f6 Bf8 24. Rac1 Nc7 25. Nf3 Bd6 26. Bg3 Nc8 27. Be5 Reg8 28. h4 Ne8
29. Kh1 a6 30. Ng2 Qd8 31. Nf4 Nc7 32. Rg1 Bxe5 33. Nxe5+ Ke8 34. Rg2 Nd6 35.
Nxh5 Nf5 36. Kh2 Rxh5 0-1

[Event "Collado Villalba 2015"]
[Site "Collado Villalba (ESP)"]
[Date "2015.08.29"]
[Round "8.21"]
[White "Fernandez Sanchez, Lorenzo"]
[Black "Movilla Calleja, David"]
[Result "1/2-1/2"]
[WhiteElo "1817"]
[BlackElo "1890"]
[PlyCount "73"]
[EventDate "2015.08.22"]
[EventType "swiss"]
[EventRounds "9"]
[EventCountry "ESP"]
[Source "lmi"]
[SourceDate "2015.08.22"]

1. e4 e6 2. d4 d5 3. exd5 exd5 4. Nf3 Bf5 5. Bd3 Bxd3 6. Qxd3 c6 7. O-O Bd6 8.
Re1+ Ne7 9. c3 O-O 10. Bg5 f6 11. Bh4 Ng6 12. Bg3 Bxg3 13. hxg3 Na6 14. Nbd2
Qd6 15. Re2 Rae8 16. Rae1 Rxe2 17. Rxe2 Nc7 18. Nf1 Re8 19. N3d2 Rxe2 20. Qxe2
Qe7 21. Qxe7 Nxe7 22. Ne3 Ne6 23. Nb3 Kf7 24. Kf1 Ke8 25. Ke2 Kd7 26. Kd3 Ng5
27. Nd2 Ke6 28. f3 Nf7 29. Nb3 b6 30. Nc1 Nd6 31. Ne2 Nef5 32. b3 Nxe3 33. Kxe3
Nf5+ 34. Kf2 Kd6 35. g4 Ne7 36. Nf4 g6 37. Ke3 1/2-1/2

[Event "Collado Villalba 2015"]
[Site "Collado Villalba (ESP)"]
[Date "2015.08.29"]
[Round "8.22"]
[White "Garcia Galeote, Lorenzo"]
[Black "Petru, Lucian Olimpiu"]
[Result "1-0"]
[WhiteElo "1973"]
[BlackElo "1845"]
[PlyCount "43"]
[EventDate "2015.08.22"]
[EventType "swiss"]
[EventRounds "9"]
[EventCountry "ESP"]
[Source "lmi"]
[SourceDate "2015.08.22"]

1. d4 d5 2. Nf3 Nf6 3. Bf4 e6 4. e3 c5 5. c3 Nc6 6. Nbd2 Bd6 7. Bg3 Bxg3 8.
hxg3 Qd6 9. Bd3 c4 10. Bc2 e5 11. dxe5 Nxe5 12. Nxe5 Qxe5 13. Nf3 Qc7 14. Qd4
Bd7 15. O-O-O Bg4 16. Rd2 b5 17. e4 Bxf3 18. gxf3 dxe4 19. Bxe4 Rd8 20. Bc6+
Nd7 21. Re1+ Kf8 22. Bxd7 1-0

[Event "Collado Villalba 2015"]
[Site "Collado Villalba (ESP)"]
[Date "2015.08.29"]
[Round "8.23"]
[White "Laveda Ayllon, Jose David"]
[Black "Montiel Miguelez, Manuel"]
[Result "0-1"]
[WhiteElo "1695"]
[BlackElo "1854"]
[PlyCount "46"]
[EventDate "2015.08.22"]
[EventType "swiss"]
[EventRounds "9"]
[EventCountry "ESP"]
[Source "lmi"]
[SourceDate "2015.08.22"]

1. d4 Nf6 2. c4 e6 3. Nc3 Bb4 4. Qc2 d5 5. a3 Bxc3+ 6. Qxc3 O-O 7. Bg5 h6 8.
Bh4 Nbd7 9. cxd5 exd5 10. Nf3 Re8 11. e3 Nf8 12. Qb3 Ng6 13. Bxf6 Qxf6 14. Qxd5
Bf5 15. Be2 Be4 16. Qc4 Rac8 17. b4 Nh4 18. Nxh4 Qxh4 19. Bf3 Bxf3 20. gxf3
Rxe3+ 21. Kd2 Qxf2+ 22. Kc1 Rxf3 23. Ra2 Qe3+ 0-1